Quizzes
Events
Quiz Creation
Community
Videos
Private Events
Remove Ads
Sign In
Join for FREE
Feedback
Dark Mode
Quiz Categories
Sports
Geography
Music
Movies
Television
Just For Fun
Miscellaneous
History
Literature
Language
Science
Gaming
Entertainment
Religion
Holiday
For Kids
Quiz Lab
Recent
Popular Today
Quiz Kudos Today
Editor Picks
Curator Picks
Quizzes by...
Day
Popularity
Type
Ratings
Length
Year
Community
Subscriptions
Recent Discussions
Orange Saloon
Badges
Playlists
Quests
Create
Leaderboards
Showdown
Live 5
Trivia Bingo
Activity
Puzzle Library
Sporcle Events
Private Events
Virtual Trivia
Globe League
Become a Host
Pub Owners
SporcleCon
Opinionation
Our Games
Videos
Blog
Mobile Apps
Partnerships
Remove Ads and Go Orange
Feedback
Sports
Athletes
MLB
NBA
NHL
NFL
Soccer
Sports Teams
WWE
NCAA
Football
Premier League
Basketball
Baseball
Hockey
Golf
Tennis
Cricket
Rugby
Auto Racing
Olympics
World Cup
Sports
Athletes
MLB
NBA
NHL
NFL
Soccer
Sports Teams
WWE
NCAA
Football
Premier League
Basketball
Baseball
Hockey
Golf
Tennis
Cricket
Rugby
Auto Racing
Olympics
World Cup
Random Quiz
Search Sporcle
×
Quiz Lab
Quiz Lab
Sports
NBA
Type in answers that appear in a list
Type in answers that appear in a list
Classic
Best Score? Go Orange.
NBA 2013-14 Monsters of the Offensive Glass Stats
Can you name the 2013-14 NBA players with at least 1/3 of their rebounds on the offensive glass?
By
Nick307
3m
19 Questions
81 Plays
81 Plays
81 Plays
Comments
Comments
Give Quiz Kudos
Give Quiz Kudos
-
- Ratings
hide this ad
More Info
Replay
Link that replays current quiz
Next Quiz
Link to next quiz in quiz playlist
You Got
0%
They Got
Avg Score
69%
Avg Friend Score
Upgrade to see
Score Distribution
Jump to the score distribution portion of the page
Score
0/19
Timer
03:00
0
Plays Today
Team / Total Rebounds
Answer
% Correct
Detroit Pistons /
1071
Andre Drummond
96.3%
Memphis Grizzlies /
795
Zach Randolph
92.6%
Portland Trail Blazers /
700
Robin Lopez
84%
Indiana Pacers /
538
Roy Hibbert
84%
Denver Nuggets /
684
Kenneth Faried
80.2%
Minnesota Timberwolves /
468
Nikola Pekovic
77.8%
Cleveland Cavaliers /
754
Tristan Thompson
76.5%
Detroit Pistons /
760
Greg Monroe
75.3%
Utah Jazz /
598
Enes Kanter
70.4%
Chicago Bulls /
558
Taj Gibson
70.4%
Team / Total Rebounds
Answer
% Correct
Toronto Raptors /
505
Amir Johnson
69.1%
Boston Celtics /
601
Jared Sullinger
67.9%
Philadelphia 76ers /
476
Thaddeus Young
63%
Dallas Mavericks /
541
Samuel Dalembert
60.5%
Boston Celtics /
470
Brandon Bass
60.5%
Los Angeles Lakers /
535
Jordan Hill
53.1%
Milwaukee Bucks /
497
John Henson
51.9%
Denver Nuggets /
632
J.J. Hickson
48.1%
Memphis Grizzlies /
418
Kosta Koufos
37%
Quiz Playlist
Details
Report
Send in Message
Add To Playlist
More Info:
Answers appear in order of highest offensive rebound percentage (offensive rebounds / total rebounds). Minimum 400 rebounds.
Classic:
Type in answers that appear in a list
Quiz Source
Last Updated: Feb 16, 2017
Quiz Scoreboard
CHALLENGE
Sign Up to Join the Scoreboard
Show All
Scores
Hide
Comments
May contain spoilers
Recently Published
9x9 Crossword: Cartoon Network
by jackfrog10
Miscellaneous
3m
College Basketball Coaching Resumes
by pancakes188
Sports
9m
Billboard Blitz: Fleetwood Mac
by CooCooCachoo
Music
15s
More to Explore
Quiz From the Vault
Featured Blog Post
Where Did the Easter Bunny Come From?
hide this ad
You Might Also Like...
Tags
NBA Quiz
glass
least
Monster
Offensive
Player
team
total
Today's Top Quizzes in Sports
Browse Sports
hide this ad
Today's Top Quizzes in NBA
Browse NBA
Top Contributed Quizzes in Sports
1
2022 World Cup Stars
2
Les meilleurs buteurs des matchs entre le PSG et l’OM
3
FIFA Club World Cup Champions
4
Les entraîneurs de l'OM et du PSG au 21e siècle
5
Criteria MLB: Left Handed Sluggers
6
AFC Teams Reveal (Wrong Answers Minefield)
7
2023 MLB Unique Player Accomplishments
8
5-to-1: FBS Animal Nicknames
9
Players with Multiple 50 Home Run Seasons
10
5-to-1: UK Sports Teams
Explore More
Trending Topics
Crossword
NBA
Disney
Kpop
Anime
Harry Potter
Marvel
NFL
Soccer
Pokémon
Song
Puzzle
Country
WWE
The Office
hide this ad
More By:
Nick307
Quiz
Plays
Rating
Category
Featured
Created
Word Ladder: 4 Letter Body Parts II
10,028
4.56
Just For Fun
Mar 9, 2020
Word Ladder: 4 Letter MLB Hall of Famers
5,758
4.81
Just For Fun
Jun 26, 2019
Word Ladder: 4 Letter Fruits and Vegetables
2,823
4.44
Just For Fun
Mar 9, 2020
Dark (Netflix) TV Series Character Match
2,164
4.67
Television
Mar 6, 2020
NBA 2013-14: Pass or Shoot?
2,033
5.00
Sports
Jun 9, 2014
Go to Creator's Profile
Score Distribution
Quiz Creator Spotlight
Nick307
Follow
Send a Message
Quizzes Created
-
Created Quiz Play Count
-
More By This Creator
Popular Quizzes Today
1
Find the US States - No Outlines Minefield
2
Find the Countries of Europe - No Outlines Minefield
3
The Countries of the World
4
Find the US States
5
Risky Map Clicking: Biggest States A-Z
6
US States
7
Popular People in 1961
8
Movies - When Are They Set?
More Sports Quizzes
First XI: Sherwood - Tottenham Hotspur
Quiz Lab
Trending Quizzes
Risky Map Clicking: Least Populous States A-Z
1-10 Letter G Words
1-10 Letter F Words
Risky Map Clicking: Next State Alphabetically
Adjectives in 80s TV Shows
Recently Updated
Leaping Animals
pecheneg
Reality TV Shows (A-Z)
bhenderson79
Rickey Henderson's Hall of Fame Teammates
pecheneg
Champions League XIs: Arsenal
pecheneg
Quick Pick: Celebrities in WWE's Hall of Fame
aduchscher
A-Z Keypad Blitz II
pecheneg
Multiple Oscar Actors
pecheneg
Mystery Phrase Blitz: Oscar 'Best Actors'
pecheneg
F. Scott Fitzgerald Novels
LTH
Pick 3 Villains
ddd62291
Trending Topics
Crossword
Kpop
Harry Potter
Anime
Disney
Marvel
NBA
Pokémon
WWE
NFL
The Office
Song
Country
Soccer
Puzzle
Your Account Isn't Verified!
In order to create a playlist on Sporcle, you need to verify the email address you used during registration. Go to your
Sporcle Settings
to finish the process.
Report this User
Report this user for behavior that violates our
Community Guidelines
.
Details:
Send Report
Go to the Sporcle.com Mobile Site →
Comments